00531 2200205 4500001002100000005001500021035002000036007000300056008004100059020002200100082000800122084001400130100001900144245004800163250001000211260004000221300003400261600001900295990001100314INLIS00000000000096420220407092247 a0010-0422000538ta220407 e 0 ind  a978-979-798-626-5 a895 a895 FAJ i0 aFAJAR SULAIMAN1 aIKHLAS PALING SERIUS :b- /cFAJAR SULAIMAN aCet.5 aJAKARTA SELATAN :bMEDIAKITA,c2021 a168 hlm. :bilus. ;c19X13 cm 4aFAJAR SULAIMAN a200138